000 00928nam a2200169 a 4500
001 000014810
005 20200929163914.0
008 100122s1999 sp a 000 0 spa d
020 _a9788449433498
040 _aDO-SdBNP
_bspa
_cBNPHU
082 _axxx
_bxxx
245 0 0 _aBiblioteca práctica de autoayuda /
_cdirector Carlos de Gispert.
260 _aBarcelona :
_bOceano,
_c1999.
300 _a8 v. :
_bil. ;
_c25 cm.
505 0 _gv.1:
_tCombatir el estrés /
_rMiguel Casas Hilari --
_gv.2:
_tVivir en pareja/
_rMaria Antonia Güell Roviralta --
_gv.3:
_tInteligencia emocional en el amor /
_rPaz Torrabadella--
_gv.4:
_tInteligencia emocional en el trabajo/
_rPaz Torrabadella /
_gv.5:
_tProgramación neuro lingüística /
_rSalvador Carrión--
_gv.6:
_tAutomasaje y yoga/
_rCarmen Alcaraz,
_rRamón Roselló--
_gv.7:
_tDisfrutar la sexualidad --
_gv.8:
_tRecursos de medicina naturista /
_cPedro Ródenas
700 1 _aGispert, Carlos de,
_933561
999 _c14391
_d14391